[Event "San Francisco TNM Fall op"]
[Site "San Francisco"]
[Date "2011.12.06"]
[Round "8"]
[White "De Linea, Digne"]
[Black "Standen, Julian"]
[Result "1-0"]
[WhiteElo "1900"]
[BlackElo "1686"]
[PlyCount "55"]
[EventDate "2011.10.18"]
[EventType "swiss"]
[EventRounds "9"]
[EventCountry "USA"]
[SourceTitle "EXT 2016"]
[Source "ChessBase"]
[SourceDate "2015.10.08"]
[SourceVersion "1"]
[SourceVersionDate "2015.10.08"]
[SourceQuality "1"]

1. d4 d5 2. c4 c6 3. Nc3 Nf6 4. Nf3 a6 5. cxd5 cxd5 6. Bf4 e6 7. e3 Nc6 8. Be2 Bd6 9. Bxd6 Qxd6 10. 0-0 0-0 11. Rc1 b5 12. a3 Bb7 13. b4 Rac8 14. Qb3 Rc7 15. Rfd1 Rfc8 16. Bd3 e5 17. Bf5 Rd8 18. dxe5 Nxe5 19. Nd4 Bc8 20. a4 bxa4 21. Nxa4 g6 22. Bb1 Be6 23. Nc5 Ne4 24. Ndxe6 fxe6 25. Bxe4 a5 26. f4 Nf7 27. Bf3 axb4 28. Nd3 1-0

[Event "San Francisco TNM Fall op"]
[Site "San Francisco"]
[Date "2011.11.08"]
[Round "4"]
[White "Grey, Peter G"]
[Black "De Linea, Digne"]
[Result "1-0"]
[WhiteElo "2000"]
[BlackElo "1900"]
[PlyCount "54"]
[EventDate "2011.10.18"]
[EventType "swiss"]
[EventRounds "9"]
[EventCountry "USA"]
[SourceTitle "EXT 2016"]
[Source "ChessBase"]
[SourceDate "2015.10.08"]
[SourceVersion "1"]
[SourceVersionDate "2015.10.08"]
[SourceQuality "1"]

1. e4 e6 2. d4 d5 3. Nc3 Nf6 4. e5 Nfd7 5. Nf3 c5 6. dxc5 Bxc5 7. Bf4 Nc6 8. Bd3 Nb4 9. 0-0 0-0 10. Bxh7+ Kxh7 11. Ng5+ Kg6 12. a3 Be7 13. axb4 Bxg5 14. Qd3+ Kh6 15. Qh3+ Kg6 16. g4 Rh8 17. Bxg5 Qxg5 18. Qxh8 Qxg4+ 19. Kh1 Qf3+ 20. Kg1 Nxe5 21. Qh4 Bd7 22. Qg3+ Kf6 23. Rae1 Qf5 24. f4 Nc6 25. Re5 Nxe5 26. fxe5+ Ke7 27. Rxf5 exf5 1-0

[Event "San Francisco TNM Litowsky op"]
[Site "San Francisco"]
[Date "2011.09.27"]
[Round "9"]
[White "De Linea, Digne"]
[Black "Poling, Scott"]
[Result "0-1"]
[WhiteElo "1886"]
[BlackElo "1632"]
[PlyCount "120"]
[EventDate "2011.08.02"]
[EventType "swiss"]
[EventRounds "9"]
[EventCountry "USA"]
[SourceTitle "EXT 2016"]
[Source "ChessBase"]
[SourceDate "2015.10.08"]
[SourceVersion "1"]
[SourceVersionDate "2015.10.08"]
[SourceQuality "1"]

1. d4 e6 2. c4 Nf6 3. Nf3 c5 4. d5 b5 5. b3 Bb7 6. Nc3 b4 7. Na4 exd5 8. cxd5 Bxd5 9. e3 Be7 10. Be2 0-0 11. 0-0 Bc6 12. Bb2 d6 13. Qc2 Be4 14. Bd3 Bxd3 15. Qxd3 Nc6 16. Rac1 Rc8 17. Rfd1 Ne8 18. Qf5 Qc7 19. Ng5 Bxg5 20. Qxg5 Qe7 21. Qg3 f6 22. Rd5 Qf7 23. Rcd1 Ne5 24. f4 Ng6 25. e4 Ne7 26. R5d2 Qg6 27. Qe3 Nc6 28. e5 fxe5 29. fxe5 Qe6 30. Re2 Nxe5 31. Bxe5 Qxe5 32. Qxe5 dxe5 33. Rxe5 c4 34. bxc4 Rxc4 35. Re7 Rc2 36. Rde1 Rxa2 37. Nc5 Nf6 38. Rb7 Re8 39. Rxe8+ Nxe8 40. Rxb4 a5 41. Rb8 Kf7 42. Rb7+ Kf6 43. Ra7 h6 44. h3 h5 45. h4 g5 46. hxg5+ Kxg5 47. Kh2 Nf6 48. Ne6+ Kh4 49. Rf7 Ng4+ 50. Kg1 Ra1+ 51. Rf1 Rxf1+ 52. Kxf1 Kg3 53. Nd4 Ne3+ 54. Ke2 Nd5 55. Kf1 Nc3 56. Nf5+ Kf4 57. Nd4 a4 58. Kf2 Ne4+ 59. Ke2 Kg3 60. Ke3 Nc5 0-1

[Event "San Francisco TNM Litowsky op"]
[Site "San Francisco"]
[Date "2011.08.09"]
[Round "2"]
[White "De Linea, Digne"]
[Black "Krasnov, Steven Lender"]
[Result "0-1"]
[WhiteElo "1886"]
[BlackElo "1983"]
[PlyCount "120"]
[EventDate "2011.08.02"]
[EventType "swiss"]
[EventRounds "9"]
[EventCountry "USA"]
[SourceTitle "EXT 2016"]
[Source "ChessBase"]
[SourceDate "2015.10.08"]
[SourceVersion "1"]
[SourceVersionDate "2015.10.08"]
[SourceQuality "1"]

1. d4 Nf6 2. c4 e6 3. Nc3 d5 4. Bg5 c6 5. e3 h6 6. Bh4 Nbd7 7. Nf3 Bd6 8. c5 Bc7 9. Bg3 0-0 10. Be2 Re8 11. 0-0 e5 12. b4 e4 13. Bxc7 Qxc7 14. Nd2 Nf8 15. Nb3 Ng6 16. b5 Bd7 17. a4 Qc8 18. Na5 Qc7 19. Nb3 Nh4 20. Rb1 Rab8 21. b6 axb6 22. cxb6 Qxb6 23. Nc5 Qc7 24. Nxd7 Nxd7 25. Qc2 Qd6 26. a5 Qg6 27. g3 Nf3+ 28. Bxf3 exf3 29. Qxg6 fxg6 30. Rb2 Nf6 31. Rfb1 Re7 32. Rb6 Ra8 33. Ra1 Kf7 34. h3 h5 35. Kf1 Rc7 36. Ke1 Ke7 37. h4 Ra7 38. Nb1 Nd7 39. Rb2 c5 40. Nc3 cxd4 41. Nxd5+ Kd6 42. Nxc7 Kxc7 43. exd4 Kc6 44. Rc1+ Kd6 45. Rb5 Nf6 46. Rcc5 Ra8 47. Rb6+ Ke7 48. Rxb7+ Kd6 49. Rb6+ Kd7 50. a6 Ng4 51. Rd5+ Kc7 52. Rb7+ Kc6 53. Rc5+ Kd6 54. Rb6+ Kd7 55. d5 Re8+ 56. Re6 Rb8 57. a7 Rb1+ 58. Kd2 Ra1 59. Rxg6 Nxf2 60. Rc1 Ra3 0-1

[Event "San Francisco TNM Litowsky op"]
[Site "San Francisco"]
[Date "2011.08.02"]
[Round "1"]
[White "Morgan, Jerry"]
[Black "De Linea, Digne"]
[Result "0-1"]
[WhiteElo "1442"]
[BlackElo "1886"]
[PlyCount "58"]
[EventDate "2011.08.02"]
[EventType "swiss"]
[EventRounds "9"]
[EventCountry "USA"]
[SourceTitle "EXT 2016"]
[Source "ChessBase"]
[SourceDate "2015.10.08"]
[SourceVersion "1"]
[SourceVersionDate "2015.10.08"]
[SourceQuality "1"]

1. f4 d5 2. Nf3 c5 3. e3 Nc6 4. Bb5 a6 5. Bxc6+ bxc6 6. b3 Bg4 7. 0-0 Nf6 8. Qe1 e6 9. Ne5 Qc7 10. Bb2 Bf5 11. d3 Be7 12. Nd2 0-0 13. Ndf3 Ne8 14. e4 dxe4 15. dxe4 Bg6 16. Nxg6 hxg6 17. Ne5 Nf6 18. Rf3 Rfd8 19. f5 Bd6 20. fxg6 Bxe5 21. gxf7+ Kxf7 22. Bxe5 Qxe5 23. Rd1 Rxd1 24. Qxd1 Ke7 25. Qe1 Rd8 26. Rg3 Qd4+ 27. Kf1 Nxe4 28. Rd3 Rf8+ 29. Rf3 Nd2+ 0-1